| 000 | 01089cam a2200289 a 4500 | ||
|---|---|---|---|
| 001 | 15901627 | ||
| 003 | OSt | ||
| 005 | 20180117090008.0 | ||
| 008 | 090910s2011 maua b 001 0 eng | ||
| 010 | _a 2009936675 | ||
| 020 | _a9781439082744 (pbk.) | ||
| 040 |
_aDLC _cDLC |
||
| 050 | 0 | 0 |
_aP91.3 _b.W47 2011 |
| 100 | 1 | _aWimmer, Roger D. | |
| 245 | 1 | 0 |
_aMass media research : _ban introduction / _cRoger D. Wimmer, Joseph R. Dominick. |
| 250 | _a9th ed. | ||
| 260 |
_aBoston, Mass. : _bCengage- Wadsworth, _cc2011. |
||
| 300 |
_axii, 464 p. : _bill. (some col.); _c24 cm. |
||
| 440 | 0 | _aWadsworth series in mass communication and journalism | |
| 504 | _aIncludes bibliographical references and index. | ||
| 650 | 0 |
_aMass media _xResearch. |
|
| 700 | 1 | _aDominick, Joseph R. | |
| 906 |
_a7 _bcbc _corignew _d2 _eepcn _f20 _gy-gencatlg |
||
| 942 |
_2ddc _cBK |
||
| 999 |
_c3564 _d3564 |
||